Riadiaci systém mobilného pracovného stroja = Car control system : Dipl.práca

Gespeichert in:
Bibliographische Detailangaben
1. Verfasser: Csank, Peter (Verfasst von)
Weitere Verfasser: Fuchs, Peter, 1959- (Betreuung Doktorarbeit)
Format: Manuskript Buch
Sprache:Slowakisch
Veröffentlicht: Bratislava : STU v Bratislave FEI, 1998
Schlagworte:
Tags: Tag hinzufügen
Keine Tags, Fügen Sie das erste Tag hinzu!

MARC

LEADER 00000ntm a22000003a 4500
001 stu49813
005 20160719164921.3
008 990531s1998------------------------slo-d
040 |a STU  |b slo 
041 0 |a slo 
100 1 |a Csank, Peter  |4 aut 
245 1 |a Riadiaci systém mobilného pracovného stroja = Car control system :  |b Dipl.práca 
260 |a Bratislava :  |b STU v Bratislave FEI,  |c 1998 
300 |a 74 s., príl 
650 7 |a elektronika  |2 stusub 
700 1 |a Fuchs, Peter,  |d 1959-  |4 ths  |u E400  |U FEI Fakulta elektrotechniky a informatiky  |T FEI Ústav automobilovej mechatroniky  |X 1898  |U E400  |Y 642  |7 A000001898